| 000 | 00389cam a22001097a 4500 | ||
|---|---|---|---|
| 008 | 180718b1958 xxu||||| |||| 00| 0 eng d | ||
| 082 | _aXA2x 42 | ||
| 245 |
_aFlatlets for old people _cby Ministry of Housing and Local Government, United Kingdom |
||
| 260 |
_aLondon _bHer Majesty's Stationery Office _c1958 |
||
| 300 | _a20p. | ||
| 700 | _aUnited Kingdom.Ministry of Housing and Local Government | ||
| 999 |
_c425411 _d425411 |
||